| 000 | 00847nam a2200241 i 4500 | ||
|---|---|---|---|
| 001 | 156551 | ||
| 003 | ES-MaACL | ||
| 005 | 20250809062540.0 | ||
| 008 | 000630s1873 sp |||| | spa d | ||
| 040 |
_aCCPB | B _bspa _cCCPB | B |
||
| 100 | 1 |
_aKant, Immanuel, _d1724-1804 _9222608 |
|
| 245 | 1 | 0 |
_aPrincipios metafísicos del derecho / _cpor Kant ; traduccion de G. Lizarraga. |
| 260 |
_aMadrid : _bLibrería de Victoriano Suarez, _c1873 ( _fImprenta de José María Pérez) |
||
| 300 |
_a265 p. ; _c18 cm. |
||
| 650 | 7 |
_aDerecho _2embne _911602 |
|
| 650 | 7 |
_aFilosofía _2embne _912802 |
|
| 700 | 1 |
_aLizarraga, Gabino. _9128983 |
|
| 852 |
_aES-MaACL _jF-4188 _z-- Enc. hol. |
||
| 852 |
_aES-MaACL _jB-13476 _z-- Enc. hol. |
||
| 852 |
_aES-MaACL _jG-10496 _z-- Enc. hol. _z-- Legado Calderón |
||
| 999 |
_c156551 _d156551 |
||